[Event "DEM U18 2014"]
[Site "Magdeburg GER"]
[Date "2014.06.11"]
[Round "6"]
[White "Schreiber, Kevin"]
[Black "Tennert, Simon"]
[Result "1-0"]
[Termination "normal"]
[Board "12"]
[WhiteElo "1958"]
[BlackElo "2190"]
[PlyCount "81"]
[WhiteFideId "24655830"]
[BlackFideId "1270445"]
[EventCountry "GER"]
[EventRounds "9"]
[EventType "swiss"]
[EventDate "2014.06.07"]

1. d4 Nf6 2. Nf3 c5 3. e3 d5 4. b3 cxd4 5. exd4 Nc6 6. Bd3 Bg4 7. c3 e6 8. O-O
Qc7 9. Nbd2 Bd6 10. Qe1 O-O 11. c4 dxc4 12. bxc4 Nb4 13. Bb1 Bxf3 14. gxf3 Nc6
15. Bb2 Qa5 16. c5 Bf4 17. Ne4 Nd5 18. Qxa5 Nxa5 19. Bd3 Nc6 20. a3 Rfd8 21.
Rfd1 Nde7 22. Bc4 Rd7 23. Rd3 Rad8 24. Rad1 Kf8 25. Ng3 Bb8 26. Ne2 a6 27. Kg2
Nd5 28. Bc1 h6 29. h4 Ke7 30. Be3 e5 31. Bxd5 Rxd5 32. Nc3 R5d7 33. d5 Nd4 34.
Bxd4 exd4 35. Rxd4 Be5 36. Re1 Kf6 37. Ne4+ Kf5 38. Rb4 Rxd5 39. Rxb7 R8d7 40.
Rb6 Bd4 41. Ng3+ 1-0

[Event "DEM U18 2014"]
[Site "Magdeburg GER"]
[Date "2014.06.11"]
[Round "6"]
[White "Brinkmann, Fabian"]
[Black "Galkin, Wladislaw"]
[Result "0-1"]
[Termination "normal"]
[Board "13"]
[WhiteElo "1821"]
[BlackElo "2109"]
[PlyCount "98"]
[WhiteFideId "24661414"]
[BlackFideId "4603192"]
[EventCountry "GER"]
[EventRounds "9"]
[EventType "swiss"]
[EventDate "2014.06.07"]

1. e4 e5 2. Nf3 Nc6 3. d4 exd4 4. Nxd4 Nf6 5. Nc3 Bb4 6. Nxc6 bxc6 7. Bd3 d5 8.
exd5 cxd5 9. O-O O-O 10. Bg5 c6 11. Qf3 Be7 12. Rfe1 Be6 13. h3 Qb6 14. Rab1
Rae8 15. b4 Qc7 16. b5 Rb8 17. Qf4 Qxf4 18. Bxf4 Rbc8 19. bxc6 Rxc6 20. Nb5 Bc5
21. Nc7 Bb6 22. Na6 Ne4 23. Be3 Nc3 24. Nb4 Rcc8 25. Bxb6 Nxb1 26. Bxa7 Na3 27.
Na6 Nc4 28. Bc5 Rfe8 29. Bxc4 dxc4 30. Bd4 c3 31. a3 Red8 32. Be5 Ra8 33. Nc7
Rxa3 34. Nb5 Ra2 35. Nxc3 Rxc2 36. Ne4 Bf5 37. Ng3 Bg6 38. Bf4 Ra8 39. Re2 Ra1+
40. Kh2 Rxe2 41. Nxe2 Ra2 42. Nd4 Rxf2 43. Kg3 Rf1 44. h4 Be4 45. Be3 Ra1 46.
Nf3 Bxf3 47. gxf3 Ra4 48. Bd2 f6 49. Be3 h5 0-1

[Event "DEM U18 2014"]
[Site "Magdeburg GER"]
[Date "2014.06.11"]
[Round "6"]
[White "Urban, Lars"]
[Black "Holle, Cedric"]
[Result "0-1"]
[Termination "normal"]
[Board "14"]
[WhiteElo "2119"]
[BlackElo "1964"]
[PlyCount "72"]
[WhiteFideId "4644034"]
[BlackFideId "24692158"]
[EventCountry "GER"]
[EventRounds "9"]
[EventType "swiss"]
[EventDate "2014.06.07"]

1. d4 Nf6 2. c4 g6 3. Nc3 d5 4. cxd5 Nxd5 5. e4 Nxc3 6. bxc3 Bg7 7. Bc4 c5 8.
Ne2 Nc6 9. Be3 O-O 10. O-O Qc7 11. Rc1 Rd8 12. Qd2 Ne5 13. Bd5 e6 14. dxe5 exd5
15. Bg5 Re8 16. exd5 Bxe5 17. Ng3 f5 18. Rfe1 Bd7 19. f4 Bd6 20. c4 a6 21. Bh6
Rxe1+ 22. Rxe1 Re8 23. Rxe8+ Bxe8 24. Bg5 b5 25. Qe2 Bd7 26. Bf6 bxc4 27. Qxc4
Qb6 28. Be5 Bb5 29. Qc3 c4+ 30. Kf1 Bc5 31. a4 Bxa4 32. Ne2 Qb1+ 33. Nc1 Bc2
34. Qd2 Bd3+ 35. Ke1 Ba3 36. Qa5 Bb4+ 0-1

[Event "DEM U18 2014"]
[Site "Magdeburg GER"]
[Date "2014.06.11"]
[Round "6"]
[White "Adiyaman, Rene"]
[Black "Xu, Xianliang"]
[Result "0-1"]
[Termination "normal"]
[Board "15"]
[WhiteElo "1837"]
[BlackElo "2097"]
[PlyCount "118"]
[WhiteFideId "12910414"]
[BlackFideId "4603230"]
[EventCountry "GER"]
[EventRounds "9"]
[EventType "swiss"]
[EventDate "2014.06.07"]

1. e4 c5 2. c3 d5 3. exd5 Qxd5 4. Nf3 g6 5. Na3 Bg7 6. Bc4 Qe4+ 7. Be2 Nf6 8.
O-O O-O 9. Re1 Nc6 10. d4 cxd4 11. Bc4 Qg4 12. cxd4 Qh5 13. h3 b6 14. Nc2 Qf5
15. d5 Na5 16. Ncd4 Qd7 17. Ne5 Qb7 18. Ndc6 Nxc4 19. Nxc4 e6 20. Nd6 Qd7 21.
Nxc8 Raxc8 22. Bg5 h6 23. Ne5 Qxd5 24. Bxf6 Bxf6 25. Nd7 Bxb2 26. Rb1 Rfd8 27.
Qxd5 exd5 28. Nxb6 axb6 29. Rxb2 Ra8 30. Rd1 Rd6 31. Rd4 Kg7 32. Rb5 Rxa2 33.
Rbxd5 Rc6 34. Rf4 Rb2 35. Rd7 Rf6 36. Rxf6 Kxf6 37. Rb7 Ke6 38. g3 h5 39. h4 f6
40. Kg2 Rb3 41. Rh7 Kf5 42. Rh6 Rc3 43. f3 Rc2+ 44. Kh3 Rc4 45. Rh7 b5 46. Rb7
b4 47. Rb5+ Ke6 48. g4 hxg4+ 49. fxg4 Rc3+ 50. Kg2 b3 51. h5 gxh5 52. gxh5 Kf7
53. Rb7+ Kg8 54. h6 Rc2+ 55. Kg3 Rb2 56. Rg7+ Kh8 57. Rf7 Rb1 58. Rxf6 b2 59.
Kg2 Ra1 0-1

[Event "DEM U18 2014"]
[Site "Magdeburg GER"]
[Date "2014.06.12"]
[Round "7"]
[White "Carow, Johannes"]
[Black "Yankelevich, Lev"]
[Result "1/2-1/2"]
[Termination "normal"]
[Board "1"]
[WhiteTitle "FM"]
[WhiteElo "2393"]
[BlackElo "2343"]
[WhiteClock "00:26:28"]
[BlackClock "00:32:47"]
[PlyCount "42"]
[WhiteFideId "24692050"]
[BlackFideId "24684074"]
[EventCountry "GER"]
[EventRounds "9"]
[EventType "swiss"]
[EventDate "2014.06.07"]

1. d4 Nf6 2. c4 g6 3. Nc3 Bg7 4. e4 d6 5. f3 O-O 6. Be3 a6 7. Nge2 c6 8. c5 b5
9. cxd6 exd6 10. Nf4 Re8 11. Qd2 d5 12. e5 Nfd7 13. Be2 f6 14. exf6 Qxf6 15.
Rd1 Nf8 16. g3 Ne6 17. Kf2 Bh6 18. Nfxd5 cxd5 19. Bxh6 g5 20. Nxd5 Qxh6 21. h4
Nd7 1/2-1/2

[Event "DEM U18 2014"]
[Site "Magdeburg GER"]
[Date "2014.06.12"]
[Round "7"]
[White "Powierski, Emil"]
[Black "Grötzbach, Julian"]
[Result "1-0"]
[Termination "normal"]
[Board "2"]
[WhiteElo "2286"]
[BlackElo "2197"]
[WhiteClock "00:11:45"]
[BlackClock "00:00:32"]
[PlyCount "65"]
[WhiteFideId "4656199"]
[BlackFideId "24600938"]
[EventCountry "GER"]
[EventRounds "9"]
[EventType "swiss"]
[EventDate "2014.06.07"]

1. e4 c5 2. c3 d5 3. exd5 Qxd5 4. d4 Nf6 5. Nf3 Bg4 6. Be2 e6 7. O-O Be7 8. h3
Bh5 9. Be3 cxd4 10. cxd4 Nc6 11. Nc3 Qa5 12. Qb3 Qb4 13. g4 Bg6 14. Ne5 O-O 15.
g5 Qxb3 16. axb3 Nd5 17. Nxd5 exd5 18. Rfc1 f6 19. Nxc6 bxc6 20. Rxc6 fxg5 21.
Rc7 Bf6 22. Bf3 Be4 23. Bg4 Rab8 24. f3 Rxb3 25. fxe4 Rxe3 26. e5 Bd8 27. Rc8
h5 28. Be6+ Kh7 29. Bxd5 Rxh3 30. Be4+ Kg8 31. Rf1 Rg3+ 32. Kh2 Rxf1 33. Rxd8+
1-0

[Event "DEM U18 2014"]
[Site "Magdeburg GER"]
[Date "2014.06.12"]
[Round "7"]
[White "Ott, Florian"]
[Black "Gibicar, Danijel"]
[Result "1-0"]
[Termination "normal"]
[Board "3"]
[WhiteElo "2133"]
[BlackElo "2181"]
[WhiteClock "00:43:00"]
[BlackClock "00:26:12"]
[PlyCount "141"]
[WhiteFideId "12900281"]
[BlackFideId "24660256"]
[EventCountry "GER"]
[EventRounds "9"]
[EventType "swiss"]
[EventDate "2014.06.07"]

1. Nf3 Nf6 2. c4 c5 3. Nc3 Nc6 4. d4 cxd4 5. Nxd4 e6 6. a3 Bc5 7. Nb3 Be7 8. e4
d6 9. Be2 a6 10. O-O Qc7 11. Be3 O-O 12. Rc1 b6 13. Nd5 Qb7 14. Nxb6 Rb8 15.
Nd2 Nd7 16. Nxd7 Bxd7 17. b4 Bf6 18. Nb3 Qc7 19. Qd2 Rfd8 20. Nd4 Qb7 21. Rfd1
Nxd4 22. Bxd4 e5 23. Be3 Qxe4 24. Ba7 Rbc8 25. Bb6 Rf8 26. Bf3 Qg6 27. Qxd6 e4
28. Bxe4 Qxe4 29. Qxd7 Bg5 30. Rb1 Qxc4 31. Qd5 Bf6 32. Bc5 Qxd5 33. Rxd5 Rfe8
34. Kf1 Re6 35. Rbd1 Rce8 36. Rd6 Rxd6 37. Rxd6 Ra8 38. Rd7 g6 39. Ra7 Rxa7 40.
Bxa7 Kf8 41. Ke2 Ke7 42. Kd3 Kd6 43. Kc4 Kc6 44. Bd4 Be7 45. a4 Bd6 46. h3 h5
47. b5+ axb5+ 48. axb5+ Kb7 49. Kd5 Bf8 50. Bc5 Bg7 51. Be3 Bf8 52. f4 Ba3 53.
Ke5 Be7 54. f5 gxf5 55. Kxf5 Bd8 56. Bd4 Be7 57. Bf6 Bf8 58. Kg5 Kb6 59. Kxh5
Kxb5 60. Kg5 Kc6 61. h4 Kd7 62. Kf5 Ke8 63. g4 Bc5 64. Bg7 f6 65. Bxf6 Kf7 66.
g5 Be3 67. h5 Kg8 68. Kg6 Bxg5 69. Bxg5 Kh8 70. h6 Kg8 71. h7+ 1-0

[Event "DEM U18 2014"]
[Site "Magdeburg GER"]
[Date "2014.06.12"]
[Round "7"]
[White "Lampert, Jonas"]
[Black "Kvetny, Mark"]
[Result "1-0"]
[Termination "normal"]
[Board "4"]
[WhiteElo "2397"]
[BlackElo "2279"]
[WhiteClock "00:38:54"]
[BlackClock "00:11:38"]
[PlyCount "55"]
[WhiteFideId "1303759"]
[BlackFideId "24603929"]
[EventCountry "GER"]
[EventRounds "9"]
[EventType "swiss"]
[EventDate "2014.06.07"]

1. d4 Nf6 2. c4 e6 3. Nc3 Bb4 4. Nf3 c5 5. g3 cxd4 6. Nxd4 O-O 7. Bg2 d5 8.
cxd5 Nxd5 9. Qb3 Nc6 10. Nxc6 bxc6 11. O-O Qa5 12. Bd2 Bxc3 13. bxc3 Ba6 14.
Rfd1 Qc5 15. e4 Bc4 16. Qa4 Nb6 17. Qb4 Qb5 18. Be3 e5 19. a4 Qxb4 20. cxb4 Be6
21. Bf1 Bb3 22. Rdc1 Bxa4 23. Rc5 Bb5 24. Bxb5 cxb5 25. Rxb5 Rfb8 26. Bxb6 f6
27. Ra6 Kf7 28. Rba5 1-0

[Event "DEM U18 2014"]
[Site "Magdeburg GER"]
[Date "2014.06.12"]
[Round "7"]
[White "Krause, Benedict"]
[Black "Möhn, Hans"]
[Result "1/2-1/2"]
[Termination "normal"]
[Board "5"]
[WhiteElo "2255"]
[BlackElo "2222"]
[WhiteClock "00:02:32"]
[BlackClock "00:06:29"]
[PlyCount "114"]
[WhiteFideId "12917990"]
[BlackFideId "24647837"]
[EventCountry "GER"]
[EventRounds "9"]
[EventType "swiss"]
[EventDate "2014.06.07"]

1. e4 c6 2. d4 d5 3. e5 Bf5 4. Nf3 e6 5. Be2 Nd7 6. O-O h6 7. Nbd2 Bh7 8. Nb3
Ne7 9. a4 Ng6 10. Be3 Be7 11. a5 a6 12. c4 O-O 13. Qd2 f6 14. exf6 Rxf6 15. Ne1
Qc7 16. f4 Nh4 17. Bf2 Rf7 18. c5 Nf6 19. Bxh4 Ne4 20. Qe3 Bxh4 21. g3 Bf6 22.
Nf3 g5 23. fxg5 hxg5 24. Nfd2 Nxd2 25. Nxd2 e5 26. Bh5 Rff8 27. Nf3 exd4 28.
Nxd4 Qe5 29. Qxe5 Bxe5 30. Ne6 Rxf1+ 31. Rxf1 Kh8 32. Nxg5 Bg8 33. Bf7 Rf8 34.
Bxg8 Bd4+ 35. Kg2 Rxf1 36. Kxf1 Kxg8 37. Ne6 Bf6 38. b4 Bc3 39. Nd8 Bxb4 40.
Nxb7 Kf8 41. Nd8 Ke8 42. Nxc6 Bxc5 43. Nb8 Bd6 44. Nxa6 Kd7 45. Kf2 Kc6 46. h4
Kb5 47. g4 Kxa6 48. Ke3 Be5 49. g5 Kxa5 50. h5 Kb4 51. h6 Kc3 52. g6 d4+ 53.
Ke4 d3 54. Kxe5 d2 55. g7 d1=Q 56. g8=Q Qh5+ 57. Kf6 Qxh6+ 1/2-1/2

[Event "DEM U18 2014"]
[Site "Magdeburg GER"]
[Date "2014.06.12"]
[Round "7"]
[White "Müller, Nick"]
[Black "Stahnecker, Ludwig"]
[Result "1-0"]
[Termination "normal"]
[Board "6"]
[WhiteElo "2120"]
[BlackElo "2126"]
[WhiteClock "00:43:56"]
[BlackClock "00:12:02"]
[PlyCount "49"]
[WhiteFideId "24692093"]
[BlackFideId "24692026"]
[EventCountry "GER"]
[EventRounds "9"]
[EventType "swiss"]
[EventDate "2014.06.07"]

1. e4 e5 2. Nf3 Nc6 3. Nc3 Nf6 4. Bb5 Bb4 5. O-O O-O 6. d3 Bxc3 7. bxc3 d6 8.
Bg5 Ne7 9. Nh4 c6 10. Ba4 Ng6 11. Nxg6 fxg6 12. f4 Qb6+ 13. Kh1 Ng4 14. Qe2 h6
15. Bb3+ Kh7 16. f5 gxf5 17. Be7 Re8 18. exf5 Ne3 19. Bxd6 Nxf1 20. Rxf1 c5 21.
Qh5 Bxf5 22. Qxf5+ Kh8 23. Bxe5 Re7 24. d4 Rae8 25. Bd5 1-0

[Event "DEM U18 2014"]
[Site "Magdeburg GER"]
[Date "2014.06.12"]
[Round "7"]
[White "Noe, Christopher"]
[Black "Meyers, Mark"]
[Result "1-0"]
[Termination "normal"]
[Board "7"]
[WhiteTitle "FM"]
[WhiteElo "2328"]
[BlackElo "1987"]
[WhiteClock "01:30:25"]
[BlackClock "01:02:34"]
[PlyCount "41"]
[WhiteFideId "24692018"]
[BlackFideId "12927716"]
[EventCountry "GER"]
[EventRounds "9"]
[EventType "swiss"]
[EventDate "2014.06.07"]

1. e4 c5 2. Nf3 e6 3. d4 cxd4 4. Nxd4 a6 5. Bd3 Nf6 6. O-O Qc7 7. Qe2 d6 8. Bd2
Be7 9. Nc3 Nbd7 10. Rae1 b5 11. Kh1 Bb7 12. f4 O-O 13. e5 Nd5 14. f5 Nxc3 15.
Bxc3 Nxe5 16. fxe6 Bd5 17. exf7+ Rxf7 18. Rxf7 Bxf7 19. Qe4 Rc8 20. Qxh7+ Kf8
21. Qh8+ 1-0

[Event "DEM U18 2014"]
[Site "Magdeburg GER"]
[Date "2014.06.12"]
[Round "7"]
[White "Pixa, Richard"]
[Black "Moritz, Aron"]
[Result "1/2-1/2"]
[Termination "normal"]
[Board "8"]
[WhiteElo "1957"]
[BlackElo "2183"]
[WhiteClock "00:49:25"]
[BlackClock "00:18:38"]
[PlyCount "42"]
[WhiteFideId "4626095"]
[BlackFideId "24672319"]
[EventCountry "GER"]
[EventRounds "9"]
[EventType "swiss"]
[EventDate "2014.06.07"]

1. d4 Nf6 2. c4 g6 3. Nc3 Bg7 4. e4 d6 5. f3 O-O 6. Be3 c5 7. dxc5 dxc5 8. Qxd8
Rxd8 9. Bxc5 Nc6 10. Nge2 Nd7 11. Bf2 Nde5 12. Nf4 b6 13. Nfd5 e6 14. Nc7 Rb8
15. Bh4 Rd7 16. Ne8 Nb4 17. Nxg7 Kxg7 18. Bg3 f6 19. Rd1 Rbb7 20. b3 Kf7 21.
Be2 Ke7 1/2-1/2

[Event "DEM U18 2014"]
[Site "Magdeburg GER"]
[Date "2014.06.12"]
[Round "7"]
[White "Humburg, Philipp"]
[Black "Zimmermann, Christian"]
[Result "0-1"]
[Termination "normal"]
[Board "9"]
[WhiteElo "2102"]
[BlackElo "2068"]
[PlyCount "74"]
[WhiteFideId "24656151"]
[BlackFideId "24692069"]
[EventCountry "GER"]
[EventRounds "9"]
[EventType "swiss"]
[EventDate "2014.06.07"]

1. c4 Nf6 2. Nc3 d5 3. cxd5 Nxd5 4. g3 g6 5. Bg2 Nb6 6. d3 Bg7 7. h4 h5 8. Be3
Nc6 9. Bxc6+ bxc6 10. Qd2 Nd5 11. Nf3 Nxe3 12. fxe3 O-O 13. Rc1 Rb8 14. b3 f5
15. Na4 Qd6 16. Rg1 e5 17. Qc2 Bd7 18. Nc5 Be8 19. Ng5 Bh6 20. Qc4+ Kh8 21.
Nce6 Rf6 22. Kf2 Rb4 23. Qc5 Rg4 24. Qxa7 Rxe6 25. Nxe6 Qxe6 26. Qxc7 f4 27.
gxf4 exf4 28. e4 Qf6 29. Rxg4 hxg4 30. Qc8 Qxh4+ 31. Kg1 Qg3+ 32. Kf1 Qh3+ 33.
Kg1 Qe3+ 34. Kh2 Qxe2+ 35. Kh1 Qf3+ 36. Kg1 Qe3+ 37. Kh2 Qd2+ 0-1

[Event "DEM U18 2014"]
[Site "Magdeburg GER"]
[Date "2014.06.12"]
[Round "7"]
[White "Grimm, Julius"]
[Black "Schreiber, Kevin"]
[Result "1-0"]
[Termination "normal"]
[Board "10"]
[WhiteElo "1959"]
[BlackElo "1958"]
[PlyCount "105"]
[WhiteFideId "12916986"]
[BlackFideId "24655830"]
[EventCountry "GER"]
[EventRounds "9"]
[EventType "swiss"]
[EventDate "2014.06.07"]

1. d4 Nf6 2. c4 d6 3. Nc3 Nbd7 4. e4 e5 5. d5 Be7 6. Bd3 c6 7. f3 a6 8. Be3 O-O
9. Nge2 Ne8 10. Qd2 h6 11. g3 Bg5 12. f4 exf4 13. gxf4 Bh4+ 14. Ng3 f5 15.
O-O-O fxe4 16. Bxe4 c5 17. Bb1 Bxg3 18. hxg3 Nb6 19. Qe2 Qe7 20. Rde1 Qf7 21.
g4 Nxc4 22. Qxc4 Bxg4 23. Reg1 Qd7 24. Qd3 Nf6 25. Bc2 b5 26. Ne4 Bf5 27. Nxf6+
Rxf6 28. Qc3 Bg4 29. Rh4 b4 30. Qd2 h5 31. Bd1 Bxd1 32. Qxd1 Qe8 33. Bd2 Rf5
34. Rg5 Rxg5 35. fxg5 g6 36. Qf3 Qf8 37. Rf4 Qg7 38. Rf6 Rf8 39. Rxf8+ Qxf8 40.
Qd3 Qf7 41. Qe4 Kf8 42. Qf4 Qxf4 43. Bxf4 Ke7 44. Bg3 Kd7 45. Kc2 c4 46. a3 a5
47. axb4 axb4 48. Be1 Kc7 49. Bxb4 h4 50. Be1 Kb6 51. Bxh4 Kc5 52. Kc3 Kxd5 53.
Bf2 1-0

[Event "DEM U18 2014"]
[Site "Magdeburg GER"]
[Date "2014.06.12"]
[Round "7"]
[White "Kramer, Julian"]
[Black "Galkin, Wladislaw"]
[Result "0-1"]
[Termination "normal"]
[Board "11"]
[WhiteElo "2129"]
[BlackElo "2109"]
[PlyCount "82"]
[WhiteFideId "12921742"]
[BlackFideId "4603192"]
[EventCountry "GER"]
[EventRounds "9"]
[EventType "swiss"]
[EventDate "2014.06.07"]

1. e4 e5 2. Nf3 Nc6 3. Bb5 a6 4. Ba4 Nf6 5. d3 b5 6. Bb3 Be7 7. O-O d6 8. a4
Bd7 9. c3 O-O 10. h3 Na5 11. Bc2 c5 12. Nbd2 Qc7 13. Re1 Nc6 14. Nf1 d5 15. Ne3
Be6 16. Ng5 d4 17. Nxe6 fxe6 18. Ng4 c4 19. Nxf6+ Bxf6 20. Qe2 Na5 21. Bd2 Nb7
22. Rec1 Rad8 23. axb5 axb5 24. cxd4 exd4 25. dxc4 bxc4 26. Bb4 d3 27. Qg4 Bxb2
28. Qxe6+ Qf7 29. Qxf7+ Rxf7 30. Bd1 Bxa1 31. Rxa1 Re8 32. f3 Rc7 33. Ra3 Nc5
34. Rc3 Ne6 35. Kf2 Ra8 36. Ke3 Ra1 37. Kd2 Nd4 38. Bd6 Rc6 39. Be5 Nb5 40. Rc1
c3+ 41. Rxc3 Rxd1+ 0-1

[Event "DEM U18 2014"]
[Site "Magdeburg GER"]
[Date "2014.06.12"]
[Round "7"]
[White "Xu, Xianliang"]
[Black "Holle, Cedric"]
[Result "1-0"]
[Termination "normal"]
[Board "12"]
[WhiteElo "2097"]
[BlackElo "1964"]
[PlyCount "55"]
[WhiteFideId "4603230"]
[BlackFideId "24692158"]
[EventCountry "GER"]
[EventRounds "9"]
[EventType "swiss"]
[EventDate "2014.06.07"]

1. Nf3 Nf6 2. c4 c6 3. g3 d5 4. Bg2 Bg4 5. Ne5 Bf5 6. cxd5 cxd5 7. Qa4+ Nbd7 8.
Nc3 e6 9. g4 Bc2 10. Nxf7 Kxf7 11. Qxc2 Nxg4 12. d4 Qf6 13. e4 Qxd4 14. h3 Ngf6
15. Be3 Qc4 16. O-O-O Rc8 17. Rd4 Qc7 18. exd5 exd5 19. Bxd5+ Nxd5 20. Rxd5 Nf6
21. Rd4 g6 22. Kb1 Bc5 23. Rf4 Kg7 24. Rxf6 b5 25. Bxc5 Qxc5 26. Qb3 b4 27.
Rf7+ Kh6 28. Ne4 1-0

[Event "DEM U18 2014"]
[Site "Magdeburg GER"]
[Date "2014.06.12"]
[Round "7"]
[White "Weber, Daniel"]
[Black "Ruff, Maximilian"]
[Result "0-1"]
[Termination "normal"]
[Board "13"]
[WhiteElo "2007"]
[BlackElo "2166"]
[PlyCount "98"]
[WhiteFideId "24615498"]
[BlackFideId "1271670"]
[EventCountry "GER"]
[EventRounds "9"]
[EventType "swiss"]
[EventDate "2014.06.07"]

1. e4 c5 2. Nc3 e6 3. f4 d5 4. Nf3 dxe4 5. Nxe4 Be7 6. Bb5+ Bd7 7. Bxd7+ Qxd7
8. O-O Nc6 9. d3 Nh6 10. Be3 b6 11. Kh1 Nf5 12. Bg1 Rd8 13. Qe1 O-O 14. Ne5
Nxe5 15. fxe5 Qd5 16. Nc3 Qc6 17. Bf2 Rd7 18. Ne2 Rfd8 19. Ng3 Nh4 20. Qe4 Qxe4
21. Nxe4 Nf5 22. Rfe1 h5 23. Ng3 Nxg3+ 24. Bxg3 Rd5 25. Re4 Rd4 26. Rae1 R8d5
27. Bf2 Rxe4 28. Rxe4 g5 29. h3 h4 30. g4 hxg3 31. Bxg3 Kg7 32. Kg2 Kg6 33. Re2
Bd8 34. Kf3 Bc7 35. Ke4 f5+ 36. Kf3 f4 37. Bf2 Kf5 38. Rd2 Bxe5 39. c3 Bf6 40.
a4 c4 41. Ke2 cxd3+ 42. Rxd3 Rxd3 43. Kxd3 e5 44. a5 e4+ 45. Ke2 e3 46. axb6
axb6 47. Be1 Ke4 48. b3 f3+ 49. Kf1 f2 0-1

[Event "DEM U18 2014"]
[Site "Magdeburg GER"]
[Date "2014.06.12"]
[Round "7"]
[White "Tennert, Simon"]
[Black "Urban, Lars"]
[Result "1-0"]
[Termination "normal"]
[Board "14"]
[WhiteElo "2190"]
[BlackElo "2119"]
[PlyCount "108"]
[WhiteFideId "1270445"]
[BlackFideId "4644034"]
[EventCountry "GER"]
[EventRounds "9"]
[EventType "swiss"]
[EventDate "2014.06.07"]

1. Nf3 d5 2. g3 c5 3. c4 e6 4. Bg2 Nf6 5. O-O Be7 6. cxd5 exd5 7. d4 b6 8. Ne5
O-O 9. Nc3 Bb7 10. dxc5 bxc5 11. Qb3 Qb6 12. Nxd5 Nxd5 13. Bxd5 Qxb3 14. Bxb3
Nc6 15. Bf4 Nd4 16. Bc4 Rad8 17. Rfd1 Bd6 18. Kf1 g5 19. Bxg5 Bxe5 20. Bxd8
Rxd8 21. e3 Nc6 22. Rxd8+ Nxd8 23. Rd1 Bf6 24. b3 Bc6 25. Ke2 Kf8 26. f4 Ke7
27. g4 h6 28. Bd5 Bd7 29. Kf3 a5 30. h4 Bxh4 31. Rh1 Bf6 32. Rxh6 a4 33. g5 Bb2
34. bxa4 Bxa4 35. Rb6 Bc3 36. f5 Bd7 37. e4 Bd4 38. Ra6 Bb5 39. f6+ Ke8 40. Ra5
Bc6 41. Ra7 Bb5 42. a4 Bd3 43. Re7+ Kf8 44. Rc7 Ke8 45. a5 Ne6 46. Bxe6 fxe6
47. f7+ Kf8 48. g6 Bg7 49. Rc8+ Ke7 50. Re8+ Kf6 51. f8=Q+ Bxf8 52. Rxf8+ Kxg6
53. Ke3 Bb5 54. Rb8 Bf1 1-0

[Event "DEM U18 2014"]
[Site "Magdeburg GER"]
[Date "2014.06.12"]
[Round "7"]
[White "Adiyaman, Rene"]
[Black "Brinkmann, Fabian"]
[Result "1-0"]
[Termination "normal"]
[Board "15"]
[WhiteElo "1837"]
[BlackElo "1821"]
[PlyCount "51"]
[WhiteFideId "12910414"]
[BlackFideId "24661414"]
[EventCountry "GER"]
[EventRounds "9"]
[EventType "swiss"]
[EventDate "2014.06.07"]

1. e4 c6 2. d4 d5 3. exd5 cxd5 4. c4 Nf6 5. Nc3 Nc6 6. Nf3 Bg4 7. cxd5 Nxd5 8.
Qb3 Bxf3 9. gxf3 e6 10. Qxb7 Nxd4 11. Bb5+ Nxb5 12. Qc6+ Ke7 13. Qxb5 Nxc3 14.
bxc3 Qd7 15. Rb1 Qxb5 16. Rxb5 Rd8 17. Be3 a6 18. Rb6 a5 19. Ke2 Kf6 20. Rg1 h6
21. Rg4 Rd6 22. Rb8 Rc6 23. Ra4 g5 24. Rxa5 Kg6 25. Raa8 Rxc3 26. Bd4 1-0

[Event "DEM U18 2014"]
[Site "Magdeburg GER"]
[Date "2014.06.13"]
[Round "8"]
[White "Ott, Florian"]
[Black "Carow, Johannes"]
[Result "1-0"]
[Termination "normal"]
[Board "1"]
[BlackTitle "FM"]
[WhiteElo "2133"]
[BlackElo "2393"]
[WhiteClock "00:30:25"]
[BlackClock "00:29:48"]
[PlyCount "83"]
[WhiteFideId "12900281"]
[BlackFideId "24692050"]
[EventCountry "GER"]
[EventRounds "9"]
[EventType "swiss"]
[EventDate "2014.06.07"]

1. d4 Nf6 2. c4 g6 3. Nc3 d5 4. Bf4 Bg7 5. e3 c5 6. dxc5 Qa5 7. Rc1 dxc4 8.
Bxc4 O-O 9. Nge2 Qxc5 10. Qb3 Nc6 11. Nb5 Qh5 12. Nc7 e5 13. Ng3 Qh4 14. Bg5
Qxg5 15. h4 Qg4 16. Nxa8 Qd7 17. Rd1 Qe7 18. Qa3 Nb4 19. Qxa7 e4 20. Rd2 Ng4
21. Be2 Ne5 22. Nb6 Ned3+ 23. Kf1 Bxb2 24. Bxd3 Nxd3 25. Qa4 Bf5 26. Nxf5 gxf5
27. Rh3 Qc7 28. Qb3 Be5 29. Nd5 Qd6 30. Nf4 Bxf4 31. exf4 Rd8 32. Rg3+ Kf8 33.
Qc3 Qxf4 34. Qa3+ Qd6 35. Qxd6+ Rxd6 36. Rg5 Rc6 37. Rd1 Rc5 38. Rb1 Nf4 39. g4
Ne6 40. Rxf5 Rc7 41. Re5 Nc5 42. Rc1 1-0

[Event "DEM U18 2014"]
[Site "Magdeburg GER"]
[Date "2014.06.13"]
[Round "8"]
[White "Yankelevich, Lev"]
[Black "Lampert, Jonas"]
[Result "0-1"]
[Termination "normal"]
[Board "2"]
[WhiteElo "2343"]
[BlackElo "2397"]
[WhiteClock "00:17:13"]
[BlackClock "00:22:04"]
[PlyCount "104"]
[WhiteFideId "24684074"]
[BlackFideId "1303759"]
[EventCountry "GER"]
[EventRounds "9"]
[EventType "swiss"]
[EventDate "2014.06.07"]

1. e4 e5 2. Nf3 Nc6 3. Bb5 a6 4. Ba4 Nf6 5. O-O Be7 6. d3 d6 7. c3 O-O 8. Re1
b5 9. Bc2 d5 10. Nbd2 d4 11. Nf1 Bc5 12. h3 Re8 13. Bd2 a5 14. a3 Qd6 15. b4
Bb6 16. bxa5 Bxa5 17. cxd4 Nxd4 18. Nxd4 Qxd4 19. Bxa5 Rxa5 20. Nd2 Qc3 21. Nb3
Ra6 22. Re3 Qc6 23. d4 exd4 24. Nxd4 Qc5 25. Nb3 Qe5 26. Qd4 Qxd4 27. Nxd4 b4
28. Bd3 Rxa3 29. Rxa3 bxa3 30. Bb5 Rxe4 31. Rxa3 Rxd4 32. Ra8 Rd1+ 33. Bf1 Rd8
34. Ba6 Kf8 35. Rxc8 Rxc8 36. Bxc8 Ke7 37. Kf1 Kd6 38. Ke2 Kc5 39. Kd3 Kb4 40.
Ba6 Nd7 41. Kd4 Nb6 42. Ke5 Kc5 43. f4 Nc4+ 44. Ke4 Nd6+ 45. Ke5 Nc4+ 46. Ke4
f6 47. g4 Nd6+ 48. Ke3 Kd5 49. Bd3 Nc4+ 50. Ke2 h6 51. h4 Kd4 52. Bh7 Ne3 0-1

[Event "DEM U18 2014"]
[Site "Magdeburg GER"]
[Date "2014.06.13"]
[Round "8"]
[White "Müller, Nick"]
[Black "Powierski, Emil"]
[Result "1-0"]
[Termination "normal"]
[Board "3"]
[WhiteElo "2120"]
[BlackElo "2286"]
[WhiteClock "00:08:14"]
[BlackClock "00:12:46"]
[PlyCount "119"]
[WhiteFideId "24692093"]
[BlackFideId "4656199"]
[EventCountry "GER"]
[EventRounds "9"]
[EventType "swiss"]
[EventDate "2014.06.07"]

1. e4 c5 2. Nf3 d6 3. Bb5+ Nd7 4. O-O a6 5. Bxd7+ Bxd7 6. d4 cxd4 7. Qxd4 Rc8
8. Nc3 e5 9. Qd3 h6 10. Be3 Nf6 11. a4 Be7 12. a5 Qc7 13. Nd2 Be6 14. Rfd1 O-O
15. Bb6 Qc6 16. Nf1 Nd7 17. Ba7 Ra8 18. Be3 Rfd8 19. Nd5 Bxd5 20. exd5 Qc7 21.
c4 Rac8 22. Rdc1 Rf8 23. Ng3 Qd8 24. Nf5 Kh8 25. b4 Re8 26. Ra2 Bf8 27. Qe4 Qf6
28. Qg4 Rc7 29. Rac2 Rec8 30. Ng3 g6 31. Bb6 h5 32. Qh3 Bh6 33. Bxc7 Rxc7 34.
Re1 Qf4 35. Ne4 Bf8 36. Qe3 Qh4 37. Qg5 Qxg5 38. Nxg5 Kg7 39. h4 Be7 40. Rec1
Rc8 41. g3 Rc7 42. c5 Nf6 43. Rd1 Rd7 44. c6 Rc7 45. Nf3 Kf8 46. cxb7 Rxb7 47.
Rc8+ Kg7 48. Ra8 Rxb4 49. Rxa6 Rb5 50. Ra7 Nxd5 51. a6 Bd8 52. Rb7 Bb6 53. Rxd5
Rxd5 54. Rxb6 e4 55. Ng5 f5 56. Ne6+ Kf6 57. Nc7 Ra5 58. Rxd6+ Ke5 59. Rd5+
Rxd5 60. Nxd5 1-0